Sobre cuestiones de objeto y método en la investigación militante
Guardado en:
| Hovedforfatter: | |
|---|---|
| Institution som forfatter: | |
| Format: | Texto |
| Udgivet: |
Cartagena:
AIS
|
| Tags: |
Tilføj Tag
Ingen Tags, Vær først til at tagge denne postø!
|
MARC
| LEADER | 00000 a a2200000 04500 | ||
|---|---|---|---|
| 001 | 22706 | ||
| 003 | |||
| 040 | |||
| 090 | |a 154900 | ||
| 100 | |a Briones, Guillermo | ||
| 110 | |a Asociación Internacional de Sociología | ||
| 245 | |a Sobre cuestiones de objeto y método en la investigación militante | ||
| 260 | |a Cartagena: |b AIS | ||
| 300 | |a 9 p | ||
| 999 | |c 9097 |d 9097 | ||
